000 00994nam a2200277 i 4500
001 bg
245 0 0 _aSocjologia gospodarki :
_brynek, instytucje, zarządzanie /
_cpraca pod red. Krzysztof Konecki [et al.].
260 _aŁódź :
_bWydaw. Naukowe Wyższej Szkoły Kupieckiej,
_c2002.
300 _a496 s. :
_bil., mapy ;
_c24 cm.
504 _aBibliogr. przy pracach.
650 9 _aSocjologia
_xgospodarka
650 9 _aKadry
_xpolityka
_zPolska
_yod 1989 r.
650 9 _aPrzedsiębiorstwo
_xorganizacja
_zPolska
_yod 1989 r.
651 9 _aPolska
_xgospodarka
_xsocjologia
_yod 1989 r.
655 _aPodręczniki akademickie
700 1 _aKONECKI, Krzysztof.
_eRed.
015 _aPB 11954/2002
020 _a8391591115
040 _cBPK
041 0 _apol
080 _a316.334.2:658.1/.5](438)"1989/..."(075.8)
920 _a83-915911-1-5
942 _cKS
008 s pl f |000 0 pol
999 _c46033
_d46033
856 _uhttp://koha.tu.koszalin.pl/cgi-bin/koha/opac-detail.pl?biblionumber=46033
_yKatalog online BPK